000 00751nam a2200229Ia 4500
003 OSt
005 20220923220637.0
006 a|||||r|||| 00| 0
007 ta
008 220922b |||||||| |||| 00| 0 hin d
024 _a188,281
037 _cTextual
040 _aARTS
_cARTS
_bhin
041 _2hin
_ahin
082 _aV5:1:N3, 152J4
100 _aभटनागर, कालीश्ंाकर; गुप्त, रामगुलाम
_9164430
245 0 _aअर्वाचीन यूरोप
246 _aArvāchīn yūropa
260 _c1954
942 _hV5:1:N3, 152J4
_cTEXL
_2CC
999 _c341357
_d341357